Complete the Song Title #8 - Statistics

General Stats
  • This quiz has been taken 42 times
  • The average score is 9 of 15
Answer Stats
Artist/Band Song % Correct
Miley Cyrus Angels Like {You}
95%
Ed Sheeran Shape of {You}
95%
Miley Cyrus Wrecking {Ball}
95%
Ed Sheeran Thinking out {Loud}
80%
Billy Joel Uptown {Girl}
73%
Billy Joel We Didn't Start the {Fire}
73%
Billy Joel Piano {Man}
71%
Tina Turner What's Love Got to Do with {It}
68%
Dua Lipa Don't Start {Now}
63%
Dua Lipa New {Rules}
51%
Ed Sheeran Bad {Habits}
49%
Tina Turner Proud {Mary}
37%
Kendrick Lamar m.A.A.d {city}
34%
Kendrick Lamar Money {Trees}
34%
Kendrick Lamar All The {Stars}
20%
No matching quizzes found
Score Distribution
Percent of People with Each Score
Percentile by Number Answered
Your Score History
You have not taken this quiz